Indian culture, (Record no. 56821)
[ view plain ]
| 000 -LEADER | |
|---|---|
| fixed length control field | 00679cam a22002291 4500 |
| 001 - CONTROL NUMBER | |
| control field | sa 64001594 |
| 003 - CONTROL NUMBER IDENTIFIER | |
| control field | DLC |
| 005 - DATE AND TIME OF LATEST TRANSACTION | |
| control field | 20260227112003.0 |
| 008 - FIXED-LENGTH DATA ELEMENTS--GENERAL INFORMATION | |
| fixed length control field | 830217s1963 ii b 000 0 eng |
| 010 ## - LIBRARY OF CONGRESS CONTROL NUMBER | |
| LC control number | sa 64001594 |
| 025 ## - OVERSEAS ACQUISITION NUMBER | |
| Overseas acquisition number | PL480:I-E-2682 |
| 035 ## - SYSTEM CONTROL NUMBER | |
| System control number | (OCoLC)9232318 |
| 040 ## - CATALOGING SOURCE | |
| Original cataloging agency | DLC |
| Transcribing agency | ViU |
| Modifying agency | DLC |
| 042 ## - AUTHENTICATION CODE | |
| Authentication code | premarc |
| 050 00 - LIBRARY OF CONGRESS CALL NUMBER | |
| Classification number | DS423 |
| Item number | .A8 |
| 100 1# - MAIN ENTRY--PERSONAL NAME | |
| Personal name | Atreya, B. L. |
| Fuller form of name | (Bhikhan Lal) |
| 245 10 - TITLE STATEMENT | |
| Title | Indian culture, |
| Statement of responsibility, etc. | by Bhikhan Lal Atreya, Suniti Kumas Chatterji [and] Alain Danielou. |
| 260 ## - PUBLICATION, DISTRIBUTION, ETC. | |
| Place of publication, distribution, etc. | Delhi |
| Name of publisher, distributor, etc. | [Universal Book and Stationery Co., |
| Date of publication, distribution, etc. | 1963?] |
| 300 ## - PHYSICAL DESCRIPTION | |
| Extent | viii, 95, [1] p. |
| Dimensions | 23 cm. |
| 504 ## - BIBLIOGRAPHY, ETC. NOTE | |
| Bibliography, etc. note | Bibliography: p. [96] |
| 651 #0 - SUBJECT ADDED ENTRY--GEOGRAPHIC NAME | |
| Geographic name | India |
| General subdivision | Civilization. |
No items available.